Pidi - Statistiques

Statistiques générales
  • Ce quiz a été pris 28 fois
  • Le résultat moyen est 5 sur 15
Statistiques - réponses
Hint Réponse % Correct
Prénom Meg
81%
Chaîne principale Pidi
81%
Son mari Valouzz
76%
Ses enfants (surnoms) MJ / Tinou
71%
Quels sont les titres de ses chansons ? C'est toi / Ça va aller / Les Boss / Dans ma Folie / Disquette / Maman
52%
Âge 29 ans
24%
Quel est le surnom qu'elle et son jumeau se donnent Jum
24%
Quel est le pseudo de son frère jumeau Kaisson
19%
Quel est le surnom de sa mère Phido
19%
Nom Verschelle
14%
Date de naissance 29 octobre 1994
5%
Que est le nom de son chien ? Mustang (Mortimer)
5%
Combien d'autres frères et sœurs a-t-elle ? 1 frère ainé (Pimpus) et 1 sœur
0%
Nbr d'abonnés 2,06 M
0%
Comment s'appelle son autre chien qui est décédé ? Bug (Giterbug)
0%
Aucun quiz correspondant
Distribution des résultats
% des personnes avec chaque résultat
Percentile par nombre de réponses
Votre historique - résultats
Vous n’avez pas pris ce quiz